|
|
|
|
| LEADER |
00000nam1a2200000 4500 |
| 001 |
177581 |
| 005 |
20231031165641.0 |
| 035 |
|
|
|a (RuTPU)RU\TPU\book\192534
|
| 090 |
|
|
|a 177581
|
| 100 |
|
|
|a 20100322d2009 km y0rusy50 ca
|
| 101 |
0 |
|
|a rus
|
| 102 |
|
|
|a RU
|
| 200 |
1 |
|
|a Историческая энциклопедия Сибири
|e в 3 т.
|f Российская академия наук (РАН), Сибирское отделение (СО), Институт истории (ИС); под ред. В. А. Ламина
|
| 210 |
|
|
|a Новосибирск
|c Издательский дом "Историческое наследие Сибири"
|d 2009
|
| 702 |
|
1 |
|a Ламин
|b В. А.
|4 340
|
| 712 |
0 |
2 |
|a Российская академия наук (РАН)
|b Сибирское отделение (СО)
|b Институт истории (ИС)
|c (Новосибирск)
|2 stltpush
|3 (RuTPU)RU\TPU\col\11661
|
| 801 |
|
1 |
|a RU
|b 63413507
|c 20100322
|
| 942 |
|
|
|c BK
|